00395nam a22001577a 4500003000500000005001700005008004100022020001500063040000900078082001400087100001600101245004100117260002500158300001500183650003900198CEME20210628204122.0210105b xxu||||| |||| 00| 0 eng d a8121901111 cceme a621.9 CHA aSharma, P.C aA textbook of produciton engineering aINDIAbS.CHANDc2011 aVIII, 983P aPRODUCITON ENGINEERING-A TEXTBOOK.